Stations de la ligne E du tramway de Bordeaux - Statistiques

Statistiques générales
  • Ce quiz a été pris 8 fois
  • Le résultat moyen est 27 sur 29
Statistiques - réponses
Hint Réponse % Correct
A Buttinière
100%
A Carnot - Mairie de Cenon
100%
A SNCF Cenon Gare
100%
C Cracovie
100%
Floirac Dravemont
100%
A Galin
100%
SNCF Gare de Blanquefort
100%
SNCF Gare de Bruges
100%
C Grand Parc
100%
A Jardin Botanique
100%
C Jardin Public
100%
A Jean Jaurès
100%
Jean Zay
100%
La Marègue
100%
La Vache
100%
C Place Paul Doumer
100%
C Place Ravezies
100%
A C D F Porte de Bourgogne
100%
B C D Quinconces
100%
A Stalingrad
100%
A Thiers-Benauge
100%
Ausone
83%
La Morlette
83%
Palmer
83%
Pelletan
83%
C D Place de la Bourse
83%
C Camille Godard
67%
C Émile Counord
67%
Frankton
67%
Aucun quiz correspondant
Distribution des résultats
% des personnes avec chaque résultat
Percentile par nombre de réponses
Votre historique - résultats
Vous n’avez pas pris ce quiz